000 01231nam0a2200337 4500
001 RU\NLR\bibl\1702054
005 20260406104351.0
010 _a978-5-91282-214-8
_97000
021 _aRU
_b2010-79563
_95304
035 _a(nilc)RSL-KNO-004747725
035 _a(NLR Aleph) 001693125
090 _a1173376
_c1173376
100 _a20101018d2010 |||y0rusy50 ca
101 0 _arus
102 _aRU
105 _aa zzzz|||||
200 1 _aДобрым деткам по слогам
_e[для чтения взрослыми детям
_fЕ. С. Аксаментова
_gхудож.: Е. А. Целуева]
210 _a[Ростов-на-Дону]
_cООО "Леда"
_cСлово
_d2010
215 _a[6] с.
_cцв. ил.
_d22
225 1 _aВеселые уроки
225 1 _aРадуга
300 _aАвт. указан перед вып. дан.
700 1 _aАксаментова
_bЕ. С.
_4070
702 1 _4440
_8rus
_7ca
_aЦелуева
_bЕ.
_cхудожник-иллюстратор
_gЕлена
_3RU\NLR\AUTH\7795343
_978269
801 0 _aRU
_bРГБ
_c20101018
_grcr
801 1 _aRU
_bРГБ
_c20101018
801 2 _aRU
_bNLR
_c20101119
_grcr
942 _cBOOK
980 _aNB